000 00583nam a2200205Ia 4500
005 20250923145055.0
008 008 250917s9999 xx 000 0 eng d
037 _aTextual
040 _aDSWL
_beng
_cDSWL
041 _aeng
_2eng
084 _aV227,1.N6, K6
_qDSWL
100 _aEsteves, Sarto
_9831507
245 0 _aGoa and its future
_cby Sarto Esteves
260 _aBombay
_bManaktals & Sons Pvt. ltd.
_c1966
300 _aiii,151,2p.
365 _aINR
_b12.00
925 _g12.00
942 _cTEXL
_hV227,1.N6, K6
999 _c1446766
_d1446766